| 000 | 00911nam a2200253Ia 4500 | ||
|---|---|---|---|
| 003 | OSt | ||
| 005 | 20220918225024.0 | ||
| 006 | a|||||r|||| 00| 0 | ||
| 007 | ta | ||
| 008 | 220917b |||||||| |||| 00| 0 eng d | ||
| 024 | _a236,192 | ||
| 037 | _cTextual | ||
| 040 |
_aARTS _cARTS _beng |
||
| 041 |
_2eng _aeng |
||
| 082 | _aV2:13(X56).N6t, K8.1-.3 | ||
| 110 |
_aAdminisdtrative reforms commisson report of the study team on centre - state relationships _9149481 |
||
| 245 | 0 |
_aAdminisdtrative Reforms Commisson _b Report of the study team on centre - state relationships |
|
| 260 |
_aDelhi _bSimla for the manager of Publications India _c1967 |
||
| 300 |
_a253p. _ccm. |
||
| 490 | _vVol. 3 | ||
| 700 |
_aAdminisdtrative reforms commisson report of the study team on centre - state relationships _9149482 |
||
| 942 |
_hV2:13(X56).N6t, K8.1-.3 _cTEXL _2CC |
||
| 999 |
_c283138 _d283138 |
||